000 00404cam a2200157 a 4500
020 _a0070520186
040 _cDLC
082 0 0 _a005 MIT 1994 A007 Or.
100 1 _aReiss, Levi.
245 1 0 _aUsing Paradox for Windows /
260 _aNew York :
_bMitchell McGraw-Hill,
_cc1994.
300 _axi, 187 p. :
_bill. ;
_c28 cm.
500 _aIncludes index.
650 0 _aDatabase management.
942 _cEK
999 _c12520
_d12520